[Event "GER-ch (Women) op"]
[Site "Augsburg"]
[Date "2024.03.08"]
[Round "5"]
[White "Berzina, Ilze"]
[Black "Peglau, Dora"]
[Result "1-0"]
[WhiteElo "2150"]
[BlackElo "1960"]
[PlyCount "73"]
[EventDate "2024.03.06"]
[EventType "swiss"]
[EventRounds "9"]
[EventCountry "GER"]
[SourceTitle "CB12_2024"]
[SourceDate "2023.10.01"]
[SourceVersion "1"]
[SourceVersionDate "2023.10.01"]
[SourceQuality "1"]

1. e4 e6 2. Qe2 c5 3. g3 Nc6 4. Nf3 Nge7 5. Bg2 g6 6. 0-0 Bg7 7. Nc3 d6 8. d3 0-0 9. Bf4 a6 10. a4 e5 11. Bg5 f6 12. Be3 Nd4 13. Bxd4 exd4 14. Nd5 Be6 15. Nf4 Bf7 16. Bh3 d5 17. e5 fxe5 18. Ne6 Qd6 19. Nxf8 Rxf8 20. Rae1 Nc6 21. Ng5 Bh6 22. Nxf7 Rxf7 23. f4 Kg7 24. fxe5 Be3+ 25. Kh1 Nxe5 26. Rxf7+ Nxf7 27. Qg4 c4 28. Rf1 Ne5 29. Qc8 Qe7 30. Be6 cxd3 31. cxd3 Kh6 32. Bxd5 Nxd3 33. Rf7 Qe5 34. Qf8+ Kg5 35. Bf3 Nf2+ 36. Kg2 Nh3 37. Qd8+ 1-0

[Event "Kragero op"]
[Site "Kragero"]
[Date "2024.02.24"]
[Round "7"]
[White "Grigoryan, Karen H"]
[Black "Berzina, Ilze"]
[Result "1/2-1/2"]
[WhiteElo "2629"]
[BlackElo "2161"]
[PlyCount "89"]
[EventDate "2024.02.21"]
[EventType "swiss"]
[EventRounds "9"]
[EventCountry "NOR"]
[SourceTitle "CB09_2024"]
[SourceDate "2024.02.28"]
[SourceVersion "1"]
[SourceVersionDate "2024.02.28"]
[SourceQuality "1"]

1. e4 c6 2. Nf3 d5 3. Nc3 Nf6 4. e5 Ne4 5. Qe2 Nxc3 6. dxc3 Bg4 7. h3 Bxf3 8. Qxf3 e6 9. Bf4 Nd7 10. 0-0-0 Qc7 11. Qg3 0-0-0 12. c4 Nc5 13. cxd5 cxd5 14. Qf3 Ne4 15. Bd3 g5 16. Bh2 Nc3 17. Rde1 Nxa2+ 18. Kb1 Nb4 19. c3 Nxd3 20. Qxd3 Bc5 21. f4 gxf4 22. Bxf4 f5 23. g4 fxg4 24. hxg4 Qg7 25. g5 Rdf8 26. Be3 Rf3 27. Qb5 Bxe3 28. Rxe3 Qg6+ 29. Ka2 Rxe3 30. Qc5+ Kb8 31. Qxe3 Rc8 32. Qf4 Rc6 33. Qf8+ Kc7 34. Qe7+ Kc8 35. Rh4 Ra6+ 36. Kb3 Rb6+ 37. Rb4 Rxb4+ 38. Qxb4 b6 39. Qe7 Kb8 40. Ka3 Qf5 41. Qd6+ Kb7 42. b3 Qf1 43. Qd7+ Kb8 44. Kb4 a6 45. Qd8+ 1/2-1/2

[Event "Kragero op"]
[Site "Kragero"]
[Date "2024.02.23"]
[Round "6"]
[White "Berzina, Ilze"]
[Black "Unuk, Laura"]
[Result "1/2-1/2"]
[WhiteElo "2161"]
[BlackElo "2341"]
[PlyCount "51"]
[EventDate "2024.02.21"]
[EventType "swiss"]
[EventRounds "9"]
[EventCountry "NOR"]
[SourceTitle "CB09_2024"]
[SourceDate "2024.02.28"]
[SourceVersion "1"]
[SourceVersionDate "2024.02.28"]
[SourceQuality "1"]

1. e4 e5 2. Nf3 Nc6 3. Bb5 a6 4. Ba4 d6 5. Bxc6+ bxc6 6. d4 exd4 7. Nxd4 Bd7 8. 0-0 g6 9. Nc3 Bg7 10. Re1 Ne7 11. Be3 0-0 12. Qd2 c5 13. Nde2 Bc6 14. Bh6 Qd7 15. Bxg7 Kxg7 16. Nd5 Bxd5 17. exd5 Rfe8 18. Ng3 Ng8 19. Qc3+ Kf8 20. h3 Rxe1+ 21. Rxe1 Re8 22. Rxe8+ Qxe8 23. b4 Qa8 24. bxc5 Qxd5 25. cxd6 Qd1+ 26. Nf1 1/2-1/2

[Event "Swiss Queens Wed #1"]
[Site "FIDE Online Arena INT"]
[Date "2024.01.31"]
[Round "11"]
[White "Berzina, Ilze"]
[Black "Jarocka, Liwia"]
[Result "0-1"]
[WhiteElo "2164"]
[BlackElo "2194"]
[PlyCount "134"]
[EventDate "2024.01.31"]
[EventType "swiss (blitz)"]
[EventRounds "11"]
[EventCountry "NET"]
[SourceTitle "CB06_2024"]
[SourceDate "2024.02.07"]
[SourceVersion "1"]
[SourceVersionDate "2024.02.07"]
[SourceQuality "1"]

1. e4 d6 2. d4 g6 3. Nc3 Bg7 4. f4 Nf6 5. Nf3 0-0 6. Be2 a6 7. a4 b6 8. e5 Ne8 9. 0-0 Bb7 10. Be3 c5 11. d5 Nc7 12. exd6 Qxd6 13. Qd2 Nxd5 14. Nxd5 Qxd5 15. Qxd5 Bxd5 16. c3 e6 17. Ne5 Nc6 18. Nd7 Rfd8 19. Nxb6 Rab8 20. Bxc5 a5 21. Rad1 Bb3 22. Rxd8+ Rxd8 23. Be3 Ne7 24. Bc4 Bc2 25. h3 Nf5 26. Bc1 Rd6 27. Rf2 Be4 28. g4 Rxb6 29. gxf5 Bxf5 30. Kh2 Bf8 31. Rd2 Bd6 32. Rd3 Bxd3 33. Bxd3 Bc7 34. Kg3 Rd6 35. Bc2 g5 36. Kf3 gxf4 37. Bxf4 Rd7 38. Be3 f5 39. b4 Kf7 40. b5 Kf6 41. c4 Rg7 42. c5 Rg3+ 43. Kf2 Rxh3 44. b6 Bb8 45. Bd1 Rh1 46. Bf3 Rh2+ 47. Bg2 f4 48. Bd2 Be5 49. b7 Rh5 50. c6 Bc7 51. Bf3 Rc5 52. Be1 e5 53. Be4 Rc4 54. Kf3 Rxa4 55. Bd2 Rc4 56. Be1 a4 57. Bd2 a3 58. Bd5 Rc5 59. Ke4 Rc2 60. Bb4 f3 61. Ba5 f2 62. Bxc7 f1Q 63. Bxe5+ Kg6 64. b8Q Re2+ 65. Kd4 Qd1+ 66. Kc4 Rc2+ 67. Bc3 Qe2+ 0-1

[Event "Swiss Queens Wed #1"]
[Site "FIDE Online Arena INT"]
[Date "2024.01.31"]
[Round "8"]
[White "Poliakova, Varvara"]
[Black "Berzina, Ilze"]
[Result "1-0"]
[WhiteElo "2006"]
[BlackElo "2164"]
[PlyCount "139"]
[EventDate "2024.01.31"]
[EventType "swiss (blitz)"]
[EventRounds "11"]
[EventCountry "NET"]
[SourceTitle "CB06_2024"]
[SourceDate "2024.02.07"]
[SourceVersion "1"]
[SourceVersionDate "2024.02.07"]
[SourceQuality "1"]

1. e4 c6 2. d4 d5 3. Nd2 dxe4 4. Nxe4 Nd7 5. Nf3 Ngf6 6. Ng3 e6 7. Bd3 c5 8. c3 b6 9. 0-0 Bb7 10. Qe2 Be7 11. Ba6 Bxa6 12. Qxa6 0-0 13. Qe2 cxd4 14. Nxd4 Qc7 15. Bg5 Bc5 16. Rad1 Rfe8 17. Nb3 Bf8 18. Rfe1 Rac8 19. Qb5 h6 20. Be3 Qb7 21. Qe2 a5 22. a4 Qc6 23. Qb5 Qc7 24. Nc1 Nd5 25. Bd4 Nc5 26. Nd3 Nxd3 27. Qxd3 Bd6 28. Qf3 Bf8 29. Ne4 Qc6 30. b3 e5 31. Be3 Nxe3 32. Rxe3 Red8 33. Red3 Rxd3 34. Qxd3 Qe6 35. c4 f5 36. Nc3 Bc5 37. Qd5 Qxd5 38. Rxd5 e4 39. Rxf5 Rd8 40. Rd5 Rf8 41. Nxe4 Re8 42. Ng3 Re1+ 43. Nf1 Re2 44. Rf5 Rb2 45. Rf3 g5 46. h3 Kg7 47. g4 Kg6 48. Kg2 Re2 49. Ng3 Rb2 50. Ne4 Bd4 51. Nd6 h5 52. Nf5 Bc5 53. gxh5+ Kxh5 54. Ng7+ Kg6 55. Ne6 Bd6 56. Rd3 Be5 57. Kf3 Kf5 58. Nd8 Rc2 59. Nc6 Bf4 60. Ne7+ Ke6 61. Nd5 Bd6 62. Re3+ Kf7 63. Rd3 Bc5 64. Ne3 Rb2 65. Nd1 Rc2 66. Kg4 Kf6 67. f4 gxf4 68. Kxf4 Rh2 69. Ke4 Rxh3 70. Rxh3 1-0

[Event "Kragero op"]
[Site "Kragero"]
[Date "2023.02.22"]
[Round "1"]
[White "Berzina, Ilze"]
[Black "Dragnev, Valentin"]
[Result "0-1"]
[WhiteElo "2141"]
[BlackElo "2565"]
[PlyCount "100"]
[EventDate "2023.02.22"]
[EventType "swiss"]
[EventRounds "9"]
[EventCountry "NOR"]
[SourceTitle "CBM 212 Extra"]
[Source "ChessBase"]
[SourceDate "2023.03.31"]
[SourceVersion "1"]
[SourceVersionDate "2023.03.31"]
[SourceQuality "1"]

1. e4 c6 2. Nc3 d5 3. Nf3 Bg4 4. h3 Bxf3 5. Qxf3 e6 6. d4 Nf6 7. Bg5 h6 8. Bxf6 Qxf6 9. Qxf6 gxf6 10. a3 Rg8 11. g3 Nd7 12. Be2 0-0-0 13. 0-0-0 dxe4 14. Nxe4 f5 15. Nd2 Nf6 16. c3 h5 17. Bf3 Bh6 18. Kc2 Rg7 19. Nc4 Rh8 20. b4 h4 21. gxh4 Bf4 22. h5 Nxh5 23. a4 Nf6 24. b5 cxb5 25. axb5 Rgh7 26. b6 axb6 27. Nxb6+ Kc7 28. Rb1 Ne4 29. Bxe4 fxe4 30. Rhe1 Rxh3 31. Rxe4 Rf3 32. d5 Rxf2+ 33. Kd3 Rh3+ 34. Kc4 e5 35. Kc5 Rxc3+ 36. Nc4 f5 37. d6+ Kc8 38. Kb4 Rd3 39. Ra1 Kb8 40. Ree1 Bd2+ 41. Nxd2 Rdxd2 42. Kc5 e4 43. Rh1 Rh2 44. Rhg1 Rh8 45. Rg6 Rc8+ 46. Kb5 Rd5+ 47. Kb4 Rd8 48. Rg7 R5xd6 49. Rc1 Rd4+ 50. Kb5 R8d5+ 0-1

[Event "Olympiad Women-44"]
[Site "Chennai"]
[Date "2022.08.09"]
[Round "11.2"]
[White "Baginskaite, Camilla"]
[Black "Berzina, Ilze"]
[Result "0-1"]
[WhiteElo "2134"]
[BlackElo "2141"]
[PlyCount "198"]
[EventDate "2022.07.29"]
[EventType "team-swiss"]
[EventRounds "11"]
[EventCountry "IND"]
[SourceTitle "CBM 210"]
[Source "ChessBase"]
[SourceDate "2022.10.31"]
[SourceVersion "1"]
[SourceVersionDate "2022.10.31"]
[SourceQuality "1"]
[WhiteTeam "Lithuania (W)"]
[BlackTeam "Latvia (W)"]
[WhiteTeamCountry "LTU"]
[BlackTeamCountry "LAT"]

1. d4 d5 2. c4 e6 3. Nc3 c6 4. e3 Nd7 5. Qc2 Bd6 6. Nf3 Nh6 7. e4 dxe4 8. Bxh6 gxh6 9. Qxe4 Nf6 10. Qh4 h5 11. 0-0-0 Ng4 12. Ne4 Bf4+ 13. Kb1 Qxh4 14. Nxh4 Ke7 15. g3 Bc7 16. Be2 f5 17. h3 Nxf2 18. Nxf2 Bxg3 19. Nxf5+ exf5 20. Rhf1 h4 21. Nd3 f4 22. Nxf4 Rf8 23. Nh5 Bxh3 24. Rg1 Bf2 25. Rg7+ Rf7 26. Rxf7+ Kxf7 27. Bf3 Bf5+ 28. Ka1 Re8 29. d5 Re1 30. Rxe1 Bxe1 31. dxc6 bxc6 32. Bxc6 Bd2 33. Bf3 Be3 34. a3 h3 35. b4 h2 36. Ng3 Bd3 37. c5 Bf4 38. Nh1 Ke6 39. Kb2 Bd2 40. Nf2 Bc4 41. Kc2 Be1 42. Ng4 Bg3 43. Ne3 Be2 44. Bh1 Bb5 45. Kb3 Bf2 46. a4 Be2 47. Nd5 Bd1+ 48. Kc4 Bxa4 49. b5 Bd1 50. b6 axb6 51. cxb6 Be2+ 52. Kb4 Bg3 53. Kc5 h5 54. b7 Kd7 55. Kd4 h4 56. Ke3 Ba6 57. Nb4 Bb5 58. Nd5 Bb8 59. Kf2 h3 60. Nf6+ Kd6 61. Ng4 Bc6 62. Kg3 Bxh1 63. Kxh3 Bxb7 64. Nxh2 Ke5 65. Nf1 Kf4 66. Ng3 Bc8+ 67. Kg2 Kg4 68. Nf1 Bb7+ 69. Kf2 Ba7+ 70. Ke2 Ba6+ 71. Ke1 Kf3 72. Nd2+ Ke3 73. Nf1+ Kd3 74. Nd2 Bd4 75. Nf3 Be3 76. Nh4 Bb7 77. Kf1 Bg5 78. Ng2 Ke4 79. Kf2 Bd8 80. Kg3 Bc7+ 81. Kf2 Bh2 82. Ne3 Bd6 83. Ng2 Bc6 84. Ke2 Bc5 85. Ne1 Bb5+ 86. Kd2 Bb4+ 87. Kd1 Bc3 88. Nc2 Ba4 89. Kc1 Kd3 90. Na3 Be5 91. Kb1 Kc3 92. Ka2 Bb3+ 93. Kb1 Bf6 94. Kc1 Bg5+ 95. Kb1 Bd5 96. Nb5+ Kc4 97. Nd6+ Kb3 98. Ka1 Bf6+ 99. Kb1 Bb2 0-1

[Event "Olympiad Women-44"]
[Site "Chennai"]
[Date "2022.08.03"]
[Round "6.1"]
[White "Dubois, Martine"]
[Black "Berzina, Ilze"]
[Result "1/2-1/2"]
[WhiteElo "1782"]
[BlackElo "2141"]
[PlyCount "73"]
[EventDate "2022.07.29"]
[EventType "team-swiss"]
[EventRounds "11"]
[EventCountry "IND"]
[SourceTitle "CBM 210"]
[Source "ChessBase"]
[SourceDate "2022.10.31"]
[SourceVersion "1"]
[SourceVersionDate "2022.10.31"]
[SourceQuality "1"]
[WhiteTeam "Monaco (W)"]
[BlackTeam "Latvia (W)"]
[WhiteTeamCountry "MNC"]
[BlackTeamCountry "LAT"]

1. e4 c6 2. Nf3 d5 3. exd5 cxd5 4. Ne5 a6 5. d4 Nc6 6. c3 Nxe5 7. dxe5 Bf5 8. Bd3 Bxd3 9. Qxd3 e6 10. 0-0 Qc7 11. Bf4 Ne7 12. Re1 h6 13. Nd2 Nf5 14. Nf3 g5 15. Bg3 Bg7 16. Nd4 Nxd4 17. Qxd4 Rc8 18. Qe3 Qc5 19. Qf3 0-0 20. h4 b5 21. hxg5 hxg5 22. Qg4 Qe7 23. f4 Rc4 24. b3 Rxc3 25. fxg5 Rfc8 26. Rf1 Qc5+ 27. Bf2 Qc7 28. Bd4 Bxe5 29. Bxc3 Bxc3 30. Rad1 Kg7 31. Rf3 Rh8 32. Rh3 Qc5+ 33. Kh1 b4 34. Rxh8 Kxh8 35. Rd3 Qf2 36. Rh3+ Kg7 37. Qd1 1/2-1/2

[Event "BL 2122 (Women)"]
[Site "Germany"]
[Date "2022.04.10"]
[Round "8.3"]
[White "Arakhamia Grant, Ketevan"]
[Black "Berzina, Ilze"]
[Result "1-0"]
[WhiteElo "2354"]
[BlackElo "2180"]
[PlyCount "78"]
[EventDate "2021.11.27"]
[EventType "team-tourn"]
[EventRounds "11"]
[EventCountry "GER"]
[SourceTitle "EXT 2023"]
[Source "ChessBase"]
[SourceDate "2022.10.05"]
[SourceVersion "1"]
[SourceVersionDate "2022.10.05"]
[SourceQuality "1"]
[WhiteTeam "Baden-Baden (W)"]
[BlackTeam "Loeberitz (W)"]
[WhiteTeamCountry "GER"]
[BlackTeamCountry "GER"]

1. e4 c6 2. d4 d5 3. Nd2 dxe4 4. Nxe4 Nd7 5. Ng5 Ngf6 6. Bd3 e6 7. N1f3 Bd6 8. Qe2 h6 9. Ne4 Nxe4 10. Qxe4 Nf6 11. Qe2 Qc7 12. Bd2 b6 13. Ne5 Bb7 14. f4 c5 15. dxc5 Qxc5 16. 0-0-0 Rc8 17. Kb1 0-0 18. Rhg1 Qd4 19. Be3 Qb4 20. a3 Qa5 21. Nc4 Rxc4 22. Bxc4 Ne4 23. Qe1 Qa4 24. Bb3 Qc6 25. g4 a5 26. a4 Bb4 27. Qe2 Bc5 28. f5 Ba6 29. Qxa6 Bxe3 30. Rge1 Nf2 31. fxe6 Nxd1 32. exf7+ Kh8 33. Rxd1 Qf3 34. Re1 Qxg4 35. Ka2 Bc5 36. Re8 Qg6 37. Qc8 Qd6 38. Qf5 Qc6 39. Qe5 Qd6 1-0

[Event "BL 2122 (Women)"]
[Site "Germany"]
[Date "2022.04.09"]
[Round "7.3"]
[White "Berzina, Ilze"]
[Black "Koepke, Elena"]
[Result "0-1"]
[WhiteElo "2180"]
[BlackElo "2285"]
[PlyCount "66"]
[EventDate "2021.11.27"]
[EventType "team-tourn"]
[EventRounds "11"]
[EventCountry "GER"]
[SourceTitle "EXT 2023"]
[Source "ChessBase"]
[SourceDate "2022.10.05"]
[SourceVersion "1"]
[SourceVersionDate "2022.10.05"]
[SourceQuality "1"]
[WhiteTeam "Loeberitz (W)"]
[BlackTeam "Deizisau (W)"]
[WhiteTeamCountry "GER"]
[BlackTeamCountry "GER"]

1. e4 c5 2. Nf3 d6 3. Bb5+ Bd7 4. Bxd7+ Qxd7 5. c4 Nf6 6. Nc3 Nc6 7. d4 cxd4 8. Nxd4 g6 9. b3 Bg7 10. Bb2 Qg4 11. 0-0 Qxd1 12. Raxd1 Nxd4 13. Rxd4 0-0 14. Rd2 a6 15. Nd5 Nxd5 16. Bxg7 Kxg7 17. Rxd5 b5 18. cxb5 axb5 19. Rd2 Rfc8 20. Re1 Rc5 21. f4 Ra7 22. Kf2 g5 23. g3 h6 24. Kf3 Kf6 25. Re3 Rc1 26. Kg4 gxf4 27. gxf4 Ra8 28. e5+ dxe5 29. Rxe5 Rg1+ 30. Kh5 Rf1 31. Rxb5 Rxf4 32. a4 Rg8 33. Rbd5 Rg5+ 0-1

[Event "LTU-chT (Women)"]
[Site "Kaunas"]
[Date "2022.03.11"]
[Round "1.1"]
[White "Berzina, Ilze"]
[Black "Griksaite, Egle"]
[Result "1-0"]
[WhiteElo "2192"]
[BlackElo "1484"]
[PlyCount "119"]
[EventDate "2022.03.11"]
[EventType "team-tourn"]
[EventRounds "7"]
[EventCountry "LTU"]
[SourceTitle "EXT 2023"]
[Source "ChessBase"]
[SourceDate "2022.10.05"]
[SourceVersion "1"]
[SourceVersionDate "2022.10.05"]
[SourceQuality "1"]
[WhiteTeam "Panevezio (W)"]
[BlackTeam "Siauliai Dubysa (W)"]
[WhiteTeamCountry "LTU"]
[BlackTeamCountry "LTU"]

1. e4 d5 2. exd5 Nf6 3. d4 Nxd5 4. g3 c6 5. Bg2 Bf5 6. c3 e6 7. Nf3 h6 8. 0-0 Nd7 9. Re1 Be7 10. Nbd2 0-0 11. a3 b5 12. Qe2 Rb8 13. a4 a6 14. Ne5 Nxe5 15. dxe5 c5 16. Nf1 Qc7 17. Ne3 Nxe3 18. Qxe3 c4 19. axb5 Bc5 20. Qf4 axb5 21. Be3 Rfd8 22. Red1 g5 23. Qf3 Qxe5 24. Bxc5 Qxc5 25. g4 Rd3 26. Rxd3 Bxd3 27. Qf6 Bg6 28. Rd1 Qc7 29. Rd4 Re8 30. Bf3 e5 31. Rd5 Kh7 32. Qa6 Rb8 33. Rxb5 Rxb5 34. Qxb5 Bd3 35. Qd5 Bc2 36. Be2 Bb3 37. Bf3 Qe7 38. Be4+ Kg7 39. Bf5 Qf6 40. Kg2 h5 41. h3 h4 42. Qd7 Qb6 43. Be4 Qe6 44. Qc7 Ba2 45. Qc5 Kf6 46. Qf8 Bb3 47. Qh6+ Ke7 48. Qxg5+ Qf6 49. Qe3 Qd6 50. Qg5+ Qf6 51. Qg8 Qf4 52. Qa8 Bd1 53. Qd5 Be2 54. Bf5 Bd3 55. Bxd3 cxd3 56. Qxd3 e4 57. Qe3 Qe5 58. b3 f5 59. Qg5+ Kd6 60. Qg6+ 1-0

[Event "Speed Chess (Women) Q2"]
[Site "Chess.com INT"]
[Date "2020.06.19"]
[Round "3"]
[White "Zhuravleva, Olga"]
[Black "Berzina, Ilze"]
[Result "1-0"]
[WhiteElo "2278"]
[BlackElo "2192"]
[PlyCount "79"]
[EventDate "2020.06.19"]
[EventType "swiss (blitz)"]
[EventRounds "13"]
[EventCountry "USA"]
[SourceTitle "CBM 196 Extra"]
[Source "ChessBase"]
[SourceDate "2020.07.31"]
[SourceVersion "1"]
[SourceVersionDate "2020.07.31"]
[SourceQuality "1"]

1. e4 c6 2. Nf3 d5 3. Nc3 Nf6 4. e5 Ne4 5. Ne2 Qb6 6. d4 e6 7. c3 c5 8. Ng3 cxd4 9. Nxe4 dxe4 10. Nxd4 Nc6 11. Nxc6 Qxc6 12. Be3 Bc5 13. Bxc5 Qxc5 14. Qa4+ Bd7 15. Qxe4 Bc6 16. Qf4 0-0-0 17. Be2 Bxg2 18. Rg1 Qc6 19. f3 Bh3 20. Rxg7 Bf5 21. Rg3 Qb6 22. Qc4+ Kb8 23. Qb5 Qe3 24. Rg2 Bd3 25. Qb4 Bxe2 26. Qe4 Qd2+ 27. Kf2 Bd3+ 28. Kg3 Bxe4 29. Rxd2 Rxd2 30. fxe4 Rd3+ 31. Kf2 Rg8 32. Ke2 Rh3 33. Rf1 Rg2+ 34. Ke1 Re3+ 35. Kd1 Ree2 36. Rxf7 Rxb2 37. Kc1 Rxa2 38. Rf8+ Kc7 39. Kb1 Raf2 40. Rf7+ 1-0

[Event "EU-ch Online U2300 Final"]
[Site "Chess.com INT"]
[Date "2020.05.26"]
[Round "1"]
[White "Giannoulakis, Labros"]
[Black "Berzina, Ilze"]
[Result "1-0"]
[WhiteElo "2293"]
[BlackElo "2192"]
[PlyCount "21"]
[EventDate "2020.05.26"]
[EventType "swiss"]
[EventRounds "8"]
[EventCountry "NET"]
[SourceTitle "CBM 196 Extra"]
[Source "ChessBase"]
[SourceDate "2020.07.31"]
[SourceVersion "1"]
[SourceVersionDate "2020.07.31"]
[SourceQuality "1"]

1. d4 d5 2. c4 c6 3. Nf3 Nf6 4. e3 Bf5 5. Nc3 e6 6. Be2 h6 7. 0-0 Bd6 8. b3 0-0 9. Bb2 Nbd7 10. Rc1 Rc8 11. Bd3 1-0